San Remo apre le porte (Record n. 100086)
[ formato base ]
| 000 -LEADER | |
|---|---|
| fixed length control field | 03021njm a2200529Ia 4500 |
| 001 - CONTROL NUMBER | |
| control field | 20794 |
| 003 - CONTROL NUMBER IDENTIFIER | |
| control field | IT-RoPAU |
| 005 - DATE AND TIME OF LATEST TRANSACTION | |
| control field | 20220918181125.0 |
| 008 - FIXED-LENGTH DATA ELEMENTS--GENERAL INFORMATION | |
| fixed length control field | 131025s9999 xx 000 0 und d |
| 040 ## - CATALOGING SOURCE | |
| Original cataloging agency | IT-RoPAU |
| 040 ## - CATALOGING SOURCE | |
| Transcribing agency | IT-RoPAU |
| 041 ## - LANGUAGE CODE | |
| Language code of text/sound track or separate title | ITALIANO |
| 999 ## - SYSTEM CONTROL NUMBERS (KOHA) | |
| Koha Dewey Subclass [OBSOLETE] | n.d. |
| 100 ## - MAIN ENTRY--PERSONAL NAME | |
| Personal name | AA.VV. |
| 9 (RLIN) | 794 |
| 100 ## - MAIN ENTRY--PERSONAL NAME | |
| Relator term | Autore musica |
| 9 (RLIN) | 3527 |
| 100 ## - MAIN ENTRY--PERSONAL NAME | |
| Miscellaneous information | Codice autore musica SPICS: 12000 |
| 9 (RLIN) | 796 |
| 245 ## - TITLE STATEMENT | |
| Title | San Remo apre le porte |
| 250 ## - EDITION STATEMENT | |
| Edition statement | 2a ed. |
| 260 ## - PUBLICATION, DISTRIBUTION, ETC. (IMPRINT) | |
| Place of publication, distribution, etc. | MILANO |
| 260 ## - PUBLICATION, DISTRIBUTION, ETC. (IMPRINT) | |
| Name of publisher, distributor, etc. | FRATELLI FABBRI EDITORI |
| Date of publication, distribution, etc. | 1982 [1a Ed.:1970] |
| 300 ## - PHYSICAL DESCRIPTION | |
| Extent | DISCO |
| 300 ## - PHYSICAL DESCRIPTION | |
| Dimensions | 26 minuti (Testo: pag.) |
| 500 ## - GENERAL NOTE | |
| General note | La canzone italiana. A San Remo si nasce e si muore. Tormenti d'amore, malinconia, primavera, amore, sogno, carezze, destino, dolci e felici, dispetto, incendio, casa, felicità, legame. |
| 505 ## - FORMATTED CONTENTS NOTE | |
| Formatted contents note | Buongiorno tristezza (5:00) - Aprite le finestre (2:00) - Amami se vuoi (4:00) - La vita è un paradiso di bugie (4:00) - Corde della mia chitarra (3:00) - Casetta in Canada (4:00) - Nel blu dipinto di blu (4:00) - L'edera (4:00) |
| 511 ## - PARTICIPANT OR PERFORMER NOTE | |
| Participant or performer note | Villa Claudio |
| 511 ## - PARTICIPANT OR PERFORMER NOTE | |
| Participant or performer note | Raimondi Franca |
| 511 ## - PARTICIPANT OR PERFORMER NOTE | |
| Participant or performer note | Torrielli Tonina |
| 511 ## - PARTICIPANT OR PERFORMER NOTE | |
| Participant or performer note | Gonzales Luciana |
| 511 ## - PARTICIPANT OR PERFORMER NOTE | |
| Participant or performer note | Boni Carla e Duo Fasano |
| 511 ## - PARTICIPANT OR PERFORMER NOTE | |
| Participant or performer note | Modugno Domenico |
| 650 ## - SUBJECT ADDED ENTRY--TOPICAL TERM | |
| Topical term or geographic name as entry element | CANZONE ITALIAN [DISCHI] |
| Relator term | Codice MATERIA SPICS: 9950 |
| 9 (RLIN) | 3528 |
| 700 ## - ADDED ENTRY--PERSONAL NAME | |
| Personal name | Ruccione Mario |
| Dates associated with a name | Codice autore musica SPICS: 13479 |
| Relator term | Autore musica |
| Name of part/section of a work | Buongiorno tristezza |
| 9 (RLIN) | 3529 |
| 700 ## - ADDED ENTRY--PERSONAL NAME | |
| Personal name | Fiorelli Giuseppe |
| Dates associated with a name | Codice autore testo/musica SPICS: 13362 |
| Relator term | Autore testo/musica |
| Name of part/section of a work | Buongiorno tristezza |
| 9 (RLIN) | 3530 |
| 700 ## - ADDED ENTRY--PERSONAL NAME | |
| Personal name | Panzuti Virgilio |
| Dates associated with a name | Codice autore musica SPICS: 13599 |
| Relator term | Autore musica |
| Name of part/section of a work | Aprite le finestre |
| 9 (RLIN) | 3531 |
| 700 ## - ADDED ENTRY--PERSONAL NAME | |
| Personal name | Pinchi (Pinci) (Perotti Pino) |
| Dates associated with a name | Codice autore testo/musica SPICS: 13615 |
| Relator term | Autore testo/musica |
| Name of part/section of a work | Aprite le finestre |
| 9 (RLIN) | 3532 |
| 700 ## - ADDED ENTRY--PERSONAL NAME | |
| Personal name | Mascheroni Vittorio |
| Dates associated with a name | Codice autore musica SPICS: 13134 |
| Relator term | Autore musica |
| Name of part/section of a work | Amami se vuoi - Casetta in Canada |
| 9 (RLIN) | 3533 |
| 700 ## - ADDED ENTRY--PERSONAL NAME | |
| Personal name | Panzeri Mario |
| Dates associated with a name | Codice autore testo/musica SPICS: 13372 |
| Relator term | Autore testo/musica |
| Name of part/section of a work | Amami se vuoi - Casetta in Canada |
| 9 (RLIN) | 3534 |
| 700 ## - ADDED ENTRY--PERSONAL NAME | |
| Personal name | Oliviero Nino |
| Dates associated with a name | Codice autore musica SPICS: 14018 |
| Relator term | Autore musica |
| Name of part/section of a work | La vita è un paradiso di bugie |
| 9 (RLIN) | 3535 |
| 700 ## - ADDED ENTRY--PERSONAL NAME | |
| Personal name | Calcagno |
| Dates associated with a name | Codice autore testo/musica SPICS: 22687 |
| Relator term | Autore testo/musica |
| Name of part/section of a work | La vita è un paradiso di bugie |
| 9 (RLIN) | 3536 |
| 700 ## - ADDED ENTRY--PERSONAL NAME | |
| Personal name | Ruccione Mario |
| Dates associated with a name | Codice autore musica SPICS: 13479 |
| Relator term | Autore musica |
| Name of part/section of a work | Corde della mia chitarra |
| 9 (RLIN) | 3537 |
| 700 ## - ADDED ENTRY--PERSONAL NAME | |
| Personal name | Fiorelli Giuseppe |
| Dates associated with a name | Codice autore testo/musica SPICS: 13362 |
| Relator term | Autore testo/musica |
| Name of part/section of a work | Corde della mia chitarra |
| 9 (RLIN) | 3538 |
| 700 ## - ADDED ENTRY--PERSONAL NAME | |
| Personal name | Migliacci Franco |
| Dates associated with a name | Codice autore musica SPICS: 13653 |
| Relator term | Autore musica |
| Name of part/section of a work | Nel blu dipinto di blu |
| 9 (RLIN) | 3539 |
| 700 ## - ADDED ENTRY--PERSONAL NAME | |
| Personal name | Modugno Domenico |
| Dates associated with a name | Codice autore testo/musica SPICS: 12142 |
| Relator term | Autore testo/musica |
| Name of part/section of a work | Nel blu dipinto di blu |
| 9 (RLIN) | 3540 |
| 700 ## - ADDED ENTRY--PERSONAL NAME | |
| Personal name | D'Acquisto Vincenzo |
| Dates associated with a name | Codice autore musica SPICS: 14321 |
| Relator term | Autore musica |
| Name of part/section of a work | L'edera |
| 9 (RLIN) | 3541 |
| 700 ## - ADDED ENTRY--PERSONAL NAME | |
| Personal name | Seracini Saverio |
| Dates associated with a name | Codice autore testo/musica SPICS: 13607 |
| Relator term | Autore testo/musica |
| Name of part/section of a work | L'edera |
| 9 (RLIN) | 3542 |
| 942 ## - ADDED ENTRY ELEMENTS (KOHA) | |
| Koha item type | DISCHI |
| Source of classification or shelving scheme | Dewey Decimal Classification |
| Withdrawn status | Lost status | Damaged status | Not for loan | Home library | Current library | Date acquired | Total Checkouts | Full call number | Date last seen | Price effective from | Koha item type | Public note |
|---|---|---|---|---|---|---|---|---|---|---|---|---|
| Buone Condizioni | Not For Loan | SPICS-MEDIATECA | SPICS-MEDIATECA | 25/10/2013 | 20794 | 25/10/2013 | 25/10/2013 | DISCHI | Progr. Ins.: 4097 / N.Vol.: 1 / Copie: 1 - Copia rara: n.d. / date import: 01.01.2014 - By Epidotti, Trombetti, Vaglietti |